000 00505nam a2200169Ia 4500
003 OSt
005 20200626105109.0
008 190216s9999||||xx |||||||||||||| ||und||
020 _a9798130003305
040 _coclc
082 _a954.83
_bSHA/A
100 _a Shankunni, Kottarathil
_93253
245 0 _aAithihyamala Vol 1,2,3,4 /
_cKottarathil Shankunni
260 _bPoorna Publications,
_a Kozhikode:
_c2005.
300 _a304p
942 _cBK
_2ddc
_h954.83
_iSHA/A
_k954.83
_mSHA/A
999 _c21343
_d21343